00814nam a2200253 45000050016000000080041000160100014000570200026000710200023000970350013001200370015001330400018001480820012001661000041001782450075002192500013002942600049003072700045003563000028004015000020004296500040004496500045004897000026005342009082002232.0701116s1970 nyua b 001 0 eng  aENG-94762 a9780070671126c295.00 a0070671125c295.00 aEN-78295 bDBAD / PUB adplbEnglish  a621.319 aMiller, Robert H.q(Robert Herschel) aPower system operationcby Robert H. Miller [and] James H. Malinowski  a3rd ed.  aNew DelhibTata McGraw-Hill Education c2009 a7 West Patel Nagar, bNew Delhi e110008 axiii, 271p.c23cm(pbk)  aIncludes index  aElectric power systemsxManagement. aElectric power systemsxLoad dispatching aMalinowski, James H.